| 000 | 00631nam a22002057a 4500 | ||
|---|---|---|---|
| 003 | OSt | ||
| 005 | 20250818050518.0 | ||
| 008 | 250818b |||||||| |||| 00| 0 eng d | ||
| 020 | _a0-13-262163-0. | ||
| 040 |
_aDWCL-Main Lib _cOC |
||
| 082 | _aCirc. 658.15 M267 1997 | ||
| 100 | _aAtkinson, Anthony A. | ||
| 245 |
_aManagerial accounting _cAnthony A. Atkinson |
||
| 250 | _a2nd | ||
| 260 |
_aNew Jersey : _bPrentice-Hall International Inc., _cc1997. |
||
| 300 |
_axxii, 741 pages : _billustration ; _c25 cm. |
||
| 504 | _aIncludes index. | ||
| 650 | _aManagerial accounting. | ||
| 942 |
_2ddc _cBK-CIRC _e2nd edition _kCirc. _n0 |
||
| 999 |
_c4005 _d4005 |
||